Capitales en rébus #2 - Statistiques

Statistiques générales
  • Ce quiz a été pris 34 971 fois
  • Le résultat moyen est 5 sur 10
Réponses sur la Carte
Les réponses sont colorées sur une échelle allant du rouge au vert en fonction du pourcentage des utilisateurs qui les ont devinées à leur premier essai. Vous pouvez retrouver ces pourcentages ci-dessous.
 
Statistiques - réponses
Rébus Capitale % Correct
1 Pyongyang
83%
3 Asmara
81%
2 Oulan-Bator
81%
4 Bakou
72%
7 Dili
48%
8 Jakarta
39%
9 Douchanbé
38%
10 Bangui
31%
6 Tegucigalpa
31%
5 Harare
24%
Aucun quiz correspondant
Distribution des résultats
% des personnes avec chaque résultat
Percentile par nombre de réponses
Votre historique - résultats
Vous n’avez pas pris ce quiz